|
|
|
|
| LEADER |
00000cam a2200000 a 4500 |
| 001 |
85165a |
| 003 |
Ucuenca |
| 005 |
20230308164727.0 |
| 008 |
000000|1981 cu |||||r|||||||||||spa|| |
| 040 |
|
|
|b spa
|
| 041 |
0 |
|
|a spa
|
| 082 |
0 |
|
|a 330.122
|
| 100 |
1 |
|
|a Pérez González, Humberto
|9 48278
|
| 245 |
|
|
|a Economía política del capitalismo: breve exposición de la doctrina económica de Marx
|c Humberto Pérez González
|h imp
|
| 264 |
|
|
|a La Habana
|b Orbe
|c 1981
|
| 300 |
|
|
|a 296 páginas:
|c 18.5 cm
|
| 504 |
|
|
|a incl. ref.
|
| 650 |
1 |
0 |
|a Economía política
|9 11878
|
| 650 |
1 |
|
|a Capitalismo
|9 261
|
| 650 |
1 |
|
|a Doctrina economica
|9 48279
|
| 852 |
|
|
|a UC-CDJBV
|f Compra
|l 1
|m General
|p 00000000
|r 2
|t 85165a
|b 0
|d CDRC
|e CDRC
|g 330.122 PRIMER PISO
|z 0000-00-00
|
| 942 |
|
|
|c BK
|
| 999 |
|
|
|c 26224
|d 26224
|